书目信息 |
| 题名: |
硬核原始人
|
|
| 作者: | 何叶紫 著 | |
| 分册: | ||
| 出版信息: | 杭州 浙江文艺出版社 2020.11 |
|
| 页数: | 325页 | |
| 开本: | 24cm | |
| 丛书名: | ||
| 单 册: | ||
| 中图分类: | Q981.1 | |
| 科图分类: | ||
| 主题词: | 人类进化--ren lei jin hua--普及读物 | |
| 电子资源: | ||
| ISBN: | 978-7-5339-6273-9 | |
| 000 | 00898nam0 2200265 450 | |
| 001 | CAL 0120162051343 | |
| 005 | 20230217093112.0 | |
| 010 | @a978-7-5339-6273-9@dCNY65.00 | |
| 100 | @a20201229d2020 em y0chiy0120 ea | |
| 101 | 0 | @achi |
| 102 | @aCN@b330000 | |
| 105 | @aa z 000yy | |
| 106 | @ar | |
| 200 | 1 | @a硬核原始人@Aying he yuan shi ren@d= Tough primitive man@f何叶紫著@zeng |
| 210 | @a杭州@c浙江文艺出版社@d2020.11 | |
| 215 | @a325页@c彩图@d24cm | |
| 300 | @a星文文化 | |
| 314 | @a何叶紫, 北京大学法学学士和硕士。 | |
| 330 | @a本书主要内容包括: 世界人民从此站起来了、第一次成功的软着陆、工具思维很重要、“史前三杰”之巅峰对决、最后的胜利: 通向文明之路等。 | |
| 510 | 1 | @aTough primitive man@zeng |
| 606 | 0 | @a人类进化@Aren lei jin hua@j普及读物 |
| 690 | @aQ981.1@v5 | |
| 701 | 0 | @a何叶紫@Ahe ye zi@4著 |
| 801 | 0 | @aCN@bBJXHZP@c20230228 |
| 905 | @b1382036-9@dQ981.1@e101@f4 | |
| 硬核原始人= Tough primitive man/何叶紫著.-杭州:浙江文艺出版社,2020.11 |
| 325页:彩图;24cm |
| 星文文化 |
| ISBN 978-7-5339-6273-9:CNY65.00 |
| 本书主要内容包括: 世界人民从此站起来了、第一次成功的软着陆、工具思维很重要、“史前三杰”之巅峰对决、最后的胜利: 通向文明之路等。 |
| ● |
| 相关链接 |
|
|
|
|
正题名:硬核原始人
索取号:Q981.1/101
 
预约/预借
| 序号 | 登录号 | 条形码 | 馆藏地/架位号 | 状态 | 备注 |
| 1 | 1382036 | 213820365 | 第二样本阅览室/ [索取号:Q981.1/101] | 在馆 | |
| 2 | 1382037 | 213820374 | 第三借阅区/ [索取号:Q981.1/101] | 在馆 | |
| 3 | 1382038 | 213820383 | 第三借阅区/ [索取号:Q981.1/101] | 在馆 | |
| 4 | 1382039 | 213820392 | 第三借阅区/ [索取号:Q981.1/101] | 在馆 |